000
00330nam a22001337a 4500
020
_a
0-13-295196-7
041
_a
ENG
100
_a
Whitney .M.J
245
_a
Experimental Mechanics Of Fiber Reinforced Composite Materials
260
_a
Jersey.
_b
The Society For Experimental
_c
1984
300
_a
264
650
_a
FS
856
_u
FS
999
_c
814
_d
814